| 000 | 00431nam a22001817a 4500 | ||
|---|---|---|---|
| 999 |
_c12859 _d12859 |
||
| 008 | 260327b 2026 ||||| |||| 00| 0 eng d | ||
| 020 | _a9789390168132 | ||
| 082 |
_a512.5 _bFRI |
||
| 100 | _aFriedberg, stephen. h | ||
| 245 | _aLinear algebra | ||
| 250 | _a5th ed. | ||
| 260 |
_aNoida _bPearson _c2026 |
||
| 300 | _a594p. | ||
| 650 | _aVector spaces | ||
| 650 | _aDeterminants | ||
| 650 | _aDiagonalization | ||
| 942 | _cBK | ||